000 01063nam a22003017a 4500
001 5489
003 FISKH
005 20241212111944.0
008 241212b cb ||||| |||| 00| 0 eng d
020 _a9780545940177
040 _aFISKH
_beng
_cFISKH
_dFISKH
050 _aQL644.2
082 _a597.9
100 _aRake, Matthew
245 _aScaly, slippery creatures /
_cby Matthew Rake : illustrated by Simon Mendez
250 _aFirst Scholastic printing, January 2016
260 _aNew York :
_bScholastic ;
_c2015 .
300 _a32 pages :
_bcolor illustrations ;
_c24 cm .
490 _aReal-life monsters
505 _aZ
520 _aCan you name the most poisonous snake on Earth? Can you tell the difference between a Komodo dragon and a crocodile? Meet some of the world's creepiest critters in this photo-packed book of reptilian monsters
521 8 _a1110
_bLexile
521 8 _aZ
_bRaz-Plus
650 _aanimals
_vnon-fiction
700 _aMendez, Simon
_eillustrator
942 _2ddc
_cBK
_n0
999 _c5489
_d5489